000 00592nam a2200205Ia 4500
003 OSt
005 20230329160328.0
008 210423s2010 xx 000 0 und d
040 _cAL
041 _aeng
082 _a547.2
_223
_bTEWN
100 _aTEWARI (Nimai).
_938464
245 _aAdvanced organic reaction mechanism: problems and solutions.
260 _aKolkata
_bBooks & Allied Pvt Ltd
_c2010
300 _ax,831
365 _b385
_cINR
650 _aOrganic Chemistry
_938465
906 _aAdvanced ; mechanism: ; organic ; problems ; reaction ; solutions.
942 _2ddc
_cBK
999 _c153830
_d153830